Mujizat al-quran

Bibliographic Details
Main Author: Asy-Sya'rawi, Muhammad Mutawalli, Prof. Dr
Format: Book
Published: Jakarta : Cv. Firdaus , 1990
Subjects:

MARC

LEADER 00000cam a2200000 7i4500
001 0000069246
005 20170116.0
008 170116
090 0 0 |a 297.122   |b ASY 
100 0 |a Asy-Sya'rawi, Muhammad Mutawalli, Prof. Dr. 
245 1 0 |a Mujizat al-quran   |c Prof. Dr. Muhammad Mutawalli Asy-Sya'rawi 
260 |a Jakarta :   |b Cv. Firdaus ,   |c 1990 
300 |a 160p. 
650 0 |a Islamic religion 
999 |a 0000062568   |b Book   |c Adult Collection   |e Cawangan Muar